Statistics for US State Superlatives Click Map Quiz

Click here to take the quiz!

General Stats

  • This quiz has been taken 70 times
  • The average score is 15 of 50

Answers on the Map

Answers color-coded by a green-red scale on the quiz's map according to % correct below.
 

Answer Stats

Answer% Correct
Busiest airport
63%
Smallest
63%
Largest producer of cheese
56%
Longest cave system
56%
Highest potato production
50%
Birthplace of the most presidents
47%
First state to vote to secede from the union
47%
Highest apple production
47%
Highest corn production
47%
Highest percentage hispanic
47%
Least populous
47%
Birthplace of the most division 1 hockey players
44%
Highest average elevation
41%
Highest population density
41%
Longest border with a foreign country
41%
Most alligators
41%
Most National Parks
41%
Highest percentage of people married by age 26
38%
Earliest date of statehood among states entirely west of the Mississippi
31%
Highest percentage african-american
31%
Most amount of land dedicated to Native American reservations
31%
Most Lighthouses
31%
Only non-rectangular flag
31%
Only state with an operational diamond mine
31%
Fewest counties
28%
Highest Clinton margin of victory in 2016
28%
Highest Trump margin of victory in 2016
28%
Least populous capital city
28%
Most college football national championships since 1900
28%
Only state that shares a name with the largest city in a different state
28%
First skyscraper
25%
Highest christmas tree production
25%
Most bison
25%
Highest percentage federally-owned land
22%
Most counties
22%
Highest median household income
19%
Largest grassland
19%
Most golf courses
19%
Most grizzly bears in the lower 48
19%
Shortest non-zero coastline, according to NOAA
19%
Flag with the most red
16%
Highest median age
16%
Most Nobel laureates
16%
First female governor
13%
Largest casino
13%
Largest net exporter of electricity
13%
Lowest poverty rate
13%
Largest producer of sweet potatoes
9%
Flag with the most white
6%
Windiest (mean annual wind speed, averaged across land area)
6%

Score Distribution

Percentile by Number Answered

Percent of People with Each Score

Your Score History

You have not taken this quiz